Čas ukáže... Košickí hádzanári s novými trénermi a manažérom

Bibliographic Details
Main Author: (m) (Author)
Corporate Author: Hádzanársky klub, Košice (Author)
Format: Article
Language:Slovak
Subjects:

MARC

LEADER 00000nab a2200000 a 4500
001 vtls000918447
003 SK-MaSNL
005 20260303034213.0
008 040720e19930114xo 0 slo
035 |a KE27324 
040 |a KEVKJB  |b slo  |c KEVKJB  |e AACR2 
041 0 |a slo 
044 |a xo  |c SK 
080 |a 796.322  |2 1981 
100 0 |a (m)  |4 aut  |9 859904 
245 1 0 |a Čas ukáže... Košickí hádzanári s novými trénermi a manažérom 
610 2 7 |a Hádzanársky klub, Košice  |2 KEVKJB  |9 1019166 
650 0 7 |a hádzaná  |2 KEVKJB  |9 3292 
650 0 7 |a muži  |2 KEVKJB  |9 4888 
650 0 7 |a zmeny kádrové  |2 KEVKJB  |9 873290 
650 0 7 |a charakteristika  |2 KEVKJB  |9 30093 
650 0 7 |a informácie  |2 KEVKJB  |9 1285 
651 7 |a KE,  |2 KEVKJB  |9 877256 
655 7 |a periodikum  |2 snkbucl  |9 29553 
710 2 |a Hádzanársky klub, Košice  |4 aut  |9 1019166 
773 0 8 |t Lúč  |g Roč. 2, č.10, 14.1.1993, s. 8 
852 |a ZVYKNI  |b KIS3GCP 
999 |c 1672721  |d 1674651